| 000 | 00763nam a22002297a 4500 | ||
|---|---|---|---|
| 005 | 20250426113503.0 | ||
| 008 | 250426b |||||||| |||| 00| 0 eng d | ||
| 020 | _a9789351611660 | ||
| 040 | _cAIMIT LIBRARY | ||
| 082 |
_21 _a331.8 _bTRIP |
||
| 100 |
_aTripathi, P C. _9208890 |
||
| 245 |
_aIndustrial relations and labour laws / _cBy P.C. Tripathi, C.B. Gupta and N.D. Kapoor. |
||
| 250 | _a1st ed. | ||
| 260 |
_aNew Delhi : _bSultan Chand and Sons, _c2020. |
||
| 300 |
_aviii,325p.; _bPB _c25 cm. |
||
| 650 |
_aTrade unions _9208891 |
||
| 650 |
_aCollective bargaining _9208892 |
||
| 650 |
_aEmployee discipline _9208893 |
||
| 650 |
_aEmployee compensation _9208894 |
||
| 650 |
_aLabour welfare and social security _9208895 |
||
| 942 |
_2ddc _cBK _k331.8 TRIP |
||
| 999 |
_c234242 _d234242 |
||